Kako preurediti trgovinu u Jugoslaviji.

Ciele juhoslovanskej prestavby nie sú zatiaľ ani nemôžu byť celkom jasné - príčiny. Dôsledky doterajších nepretržitých reorganizácií. Zásady a podmienky terajšej prestavby obchodu. Reštrukturalizácia obchodu z hľadiska kapitálu, foriem vlastníctva, organizačnej štruktúry, kvalifikačnej skladby praco...

Descrizione completa

Salvato in:
Dettagli Bibliografici
Autore principale: Ivoševic, S.
Natura: Capitolo di libro
Lingua:serbo
Soggetti:
Tags: Aggiungi Tag
Nessun Tag, puoi essere il primo ad aggiungerne!!

MARC

LEADER 00000naa a2200000 4500
001 r003567
005 20220819194153.0
041 0 |a srp 
044 |a [YU] 
245 1 0 |a Kako preurediti trgovinu u Jugoslaviji.  |c S. Ivoševic 
520 |a Ciele juhoslovanskej prestavby nie sú zatiaľ ani nemôžu byť celkom jasné - príčiny. Dôsledky doterajších nepretržitých reorganizácií. Zásady a podmienky terajšej prestavby obchodu. Reštrukturalizácia obchodu z hľadiska kapitálu, foriem vlastníctva, organizačnej štruktúry, kvalifikačnej skladby pracovníkov. Jednou z rozhodujúcich podmienok je obnovenie obchodného školstva. 
610 2 0 |a obchod vnútorný 
610 2 0 |a SFRJ 
610 2 0 |a reorganizácia 
610 2 0 |a mechanizmus hospodársky 
610 2 0 |a zmeny štruktúrne 
610 2 0 |a štruktúra organizačná 
610 2 0 |a školy odborné 
610 2 0 |a kvalifikácia 
100 1 |a Ivoševic, S.